000 00780nam a22002777a 4500
001 BR8704278
003 BR-BrBNA
005 20230928092659.0
007 ta
008 230509b bl.||||| |||| 00| 0 por d
040 _aBR-BrBNA
_bpor
_cBiblioteca Nacional de Agricultura
041 _a(Por)
072 _aF01; L01
_b/G514
090 _ F01 BR8704278
110 1 _aDelegacia Federal de Agricultura de Pernambuco, Recife (Brasil)
_93056
245 1 _aRelatorio de acompanhamento do setor agropecuario do estado de Pernambuco
260 3 _aRecife, PE (Brasil):
_c1981.
300 _a32 p.
500 _a12 tables
650 _aAGRICULTURA
650 _aPECUARIA
650 _aPRODUCAO
650 _aPERNAMBUCO
909 _a202309
_bLucia
_c55
_dLucia Elande
942 _cBK
999 _c40567
_d40567